000 00392pab a2200145 454500
008 180718b1983 xxu||||| |||| 00| 0 eng d
100 _aKapur, Vinit
245 _aTop executive remuneration
_bAn empirical study of some selected compaines
260 _c1983
300 _a784-92
362 _aMay
650 _aExecutives - Salaries - India
773 _aChartered Accountant
909 _a7912
999 _c7912
_d7912